A brick carving in the so-called chapel of Hämeenlinna castle
| Titel: | A brick carving in the so-called chapel of Hämeenlinna castle |
|---|---|
| Verfasser: | |
| In: |
Castella Maris Baltici, (2001), Seite 217-219 alle Artikel anzeigen |
| Veröffentlicht: | 2001 |
| Format: | Aufsatz |
| Sprache: | Englisch |
X
alg: 39353226 001A $01999:12-11-16 001B $01999:28-04-17 $t15:58:32.000 001D $01999:12-11-16 001U $0utf8 001X $00 002@ $0Aox 003@ $0393532267 007A $0393532267 $aHEB 007T $0Herdtt01229523 010@ $aeng 011@ $a2001 021A $aA brick carving in the so-called chapel of Hämeenlinna castle 028A $aHiekkanen $dM. 031A $h217-219 $j2001 039B $aIn $8--AFx--. Castella Maris Baltici ; Bd. 3-4. Castella Maris Baltici. - Turku, 2001. - 260, [1] S.. - Abb., Kt.. - ISBN 951-96801-2-8 $x200100000000000783 $9393604780 lok: 39353226 78 exp: 39353226 78 1 #EPN 201B/01 $018-11-16 $t09:06:29.000 201U/01 $0utf8 203@/01 $0789642700 208@/01 $a12-11-16 $be 209A/01 $a/ $f000 $x00 220C/01 $aTitelaufnehmer: uz 220C/01 $aHerkunft: UKM/UB Toruń 244Z/01 $2Trx $#Prusy Wschodnie i Zachodnie $8--Trx--Ost- und Westpreußen $x01 $939113373X 244Z/01 $2Trx $8--Trx--Löwis of Menar, Karl von$Z1855-1930 $x02 $9390927686 244Z/01 $2Trx $#kindlus $#pilys $#Castles $#várak $#grody $#hrady $#hrady $#Motten $8--Trx--Burgen $x03 $9391356380 244Z/01 $2Trx $8--Trx--Einzelbeiträge $x04 $9391384570 247C/01 $82080>Marburg/Lahn, Herder-Institut, Forschungsbibliothek, Bibliographieportal $9336309341
| LEADER | 00000caa a22000002c 4500 | ||
|---|---|---|---|
| 001 | 393532267 | ||
| 003 | DE-603 | ||
| 005 | 20170428155832.0 | ||
| 007 | tu | ||
| 008 | 161112s2001 xx |||| | u00||u|eng c | ||
| 035 | |a (DE-599)HEB393532267 | ||
| 040 | |a DE-603 |b ger |c DE-603 |d DE-603 | ||
| 041 | |a eng | ||
| 100 | 1 | |a Hiekkanen, M. | |
| 245 | 0 | 0 | |a A brick carving in the so-called chapel of Hämeenlinna castle |
| 264 | 0 | |c 2001 | |
| 773 | 0 | 8 | |i In |t Castella Maris Baltici |d Turku, 2001 |h 260, [1] S., Abb., Kt. |z 9519680128 |z 838620642X |g (2001), Seite 217-219 |w (DE-603)393604780 |
| 924 | 0 | |9 2080 |a (DE-603)789642700 |b DE-2080 |c HES |d d |g / | |


